| 000 | 00528nam a22001811a 4500 | ||
|---|---|---|---|
| 001 | 1614 | ||
| 003 | OSt | ||
| 005 | 20260204211740.0 | ||
| 008 | 040120s1993||||dr ||||||b||||||||||spa|| | ||
| 050 | _aRD 153.12 R299m | ||
| 082 | _aRD 153.12 R299m | ||
| 111 | _aRepública Dominicana | ||
| 245 | _aMemorias del congreso ponencial de las áreas, celebradas del 2-4 de Diciembre de 1992: Calidad e innovación en la educación | ||
| 264 | _aSanto Domingo : Taller | ||
| 300 | _a534 p. | ||
| 650 | _a1.MemoriasÌ | ||
| 942 |
_2ddc _cBK |
||
| 999 |
_c1614 _d1614 |
||